000 01125nam a2200277 i 4500
001 177328
003 ES-MaACL
005 20250815121303.0
007 t|
008 110315s1974 sp af ||||1| spa d
080 _a74 García-Llort, Josep Maria
080 _a75 García-Llort, Josep Maria
100 0 _aGarcía Llort, José María
_954829
245 1 0 _aDibujos de García-Llort /
_cpor José Corredor-Matheos.
260 _aMadrid :
_bIbérico Europea de Ediciones,
_ccop. 1974.
300 _a[40] p. :
_bprincipalmente il. bl. y n. ;
_c31 cm.
490 1 _aMaestros contemporáneos del dibujo y la pintura ;
_v36
500 _aEncuadernado con otros títulos.
597 _aEn el lomo: Zacarías González, Pedro Gastó, Baeza, Miguel Villà, Benet, García Llort, Joan Brotat, Mariano Peláez, Ginés Parra, Sobrado.
600 0 4 _aGarcía Llort, José María
_954829
700 0 _aCorredor-Matheos, José,
_d1929-
_940776
830 0 0 _aMaestros contemporáneos del dibujo y la pintura
_v36
_9190405
852 _aES-MaACL
_jE-14689 (6)
_xOlim P-1071
942 _2udc
999 _c177328
_d177328